000 01587namaa22003251n 4500
003 EG-GICUC
005 20260127115132.0
008 260127s2000 ua ||||jr|||| 000 0 ara d
017 _a2000 / 18441
_bدار الكتب والوثائق القومية(مصر)
040 _aEG-GiCUC
_bara
_cEG-GiCUC
_dEG-GiCUC
_erda
082 0 4 _221
_a811.94
_bN989
092 0 4 _221
_a811.94
_bN989
099 _a811.94 N989d
100 0 _aأبو نواس،
_dحوالي 756-حوالي 810
_eمؤلف.
245 1 _aديوان أبى نواس الحسن بن هانئ الحكمى /
_cتحقيق غريغور شولر، ايفالد فاغنر
264 _aالقاهرة (مصر) :
_bالهيئة العامةلقصور الثقافة،
_c[2000]
300 _a؛ 4 مجلدات
_c24 سم
336 _2rdacontent
_atext
337 _2rdamedia
_aUnmediated
338 _2rdacarrier
_avolume
490 _aالذخائر ؛
_v62
504 _aيشتمل على ارجاعات ببليوجرافية
541 _aد. جابر عصفور ؛
_bالقاهرة ؛
_cإهداء ؛
_d2024.
650 1 7 _aالشعر العربى
_xتاريخ ونقد
_yالعصر العباسى الاول
_2qrmak
651 1 _2qrmak
700 1 _aشولر، غريغور
_eمحقق.
_gالمجلد الاول- المجلد الرابع
_tديوان أبى نواس الحسن بن هانئ الحكمى
700 1 _aفاغنر، ايفالد
_eمحقق.
_gالمجلد الثانى- المجلد الثالث
_tديوان أبى نواس الحسن بن هانئ الحكمى
905 _aHuda
942 _2ddc
_cBK
_e21
_n0
999 _c178057
_d178057